Brasil de A a Z - Statistics

Estatísticas Gerais
  • Esse quiz foi jogado 562 vezes
  • A pontuação média é 19 de 26
Estatísticas das Respostas
Letra Pista Resposta % Correto
A Nome do segundo maior rio do mundo e primeiro em volume de água, também nome do maior estado brasileiro em área. Amazonas
97%
B Capital brasileira desde 1960 e uma das 5 maiores cidades do país com uma população superior a 3 milhões de pessoas. Brasília
96%
C O Brasil é o maior produtor e exportador mundial desse grão. Café
95%
I Cataratas localizadas em um Parque Nacional homônimo, na fronteira com a Argentina. Iguaçu
90%
D Ex-presidente do Brasil, cassada em seu segundo mandato. Dilma Rousseff
89%
F Bairros de baixa renda e não regulamentados. Favelas
89%
H Marca brasileira famosa mundialmente por suas sandálias e chinelos, vendida em mais de 80 países. Havaianas
89%
P Língua oficial Português
89%
R Moeda brasileira. Real
89%
S Tipo de música e dança brasileiros. Samba
87%
M Maior estádio do Brasil, inaugurado em 1950 para sediar a Copa do Mundo FIFA. Maracanã
86%
O Lema humanista escrito na bandeira nacional. Ordem e Progresso
83%
G Supermodelo famosa, foi casada com Tom Brady. Gisele Bündchen
82%
K Jogador de futebol que ganhou a Copa do Mundo FIFA, a Liga dos Campeões da UEFA e a Bola de Ouro. Kaká
81%
W Rede social mais utilizada no Brasil para troca de mensagens, com cerca de 170 milhões de usuários. WhatsApp
80%
Q Doce assado feito com gemas de ovo, coco moído, manteiga e açúcar, são muito comuns nas padarias brasileiras. Quindim
62%
N Famoso arquiteto brasileiro, mais conhecido por seu projeto de construção cívica para a capital do Brasil, Brasília, e também um dos arquitetos envolvidos no projeto da Sede das Nações Unidas, em Nova York. Niemeyer
60%
T Tribo de habitantes nativos encontrados no Brasil e em outros países da América do Sul, também retratados no filme A Missão, estrelado por Robert De Niro. Tupí-Guaraní
59%
V Empresa multinacional de metais e mineração, maior produtora de ferro e níquel do mundo. Também envolvida em duas falhas catastróficas de barragens de rejeitos: Mariana e Brumadinho. Vale
59%
Z Tipo de vírus transmitido pelo mosquito Aedes, seu surto de 2015-2016 levantou preocupações em relação à segurança dos atletas durante os Jogos Olímpicos de Verão de 2016, no Rio de Janeiro. Zika
59%
J Famosa praia do Nordeste do Brasil, eleita pelo The Washington Post como uma das 10 praias mais bonitas do mundo. Jericoacoara
45%
Y Nome de um grupo indígena e de um território rico em ouro na região Amazônica. Casos de garimpo ilegal ganharam notoriedade por levaram a uma crise sanitária e humanitária esse povo originário. Yanomami
44%
U Bairro famoso do Rio, onde fica o Pão de Açúcar, na Baía de Guanabara. Urca
42%
E Conglomerado aeroespacial paulista e um dos maiores fabricantes de aviões do mundo. Embraer
38%
L Maior lagoa do Brasil, localizada no Rio Grande do Sul. Lagoa dos Patos
31%
X Dança popular criada no Sertão, Nordeste do país. Xaxado
31%
Nenhum quiz correspondente encontrado
Distribuição das Pontuações
Porcentagem de Pessoas com Cada Pontuação
Percentil de Números Respondidos
Sua Pontuação Histórica
Você não jogou esse quiz